000 00337 a2200145 4500
001 177372
020 _a
040 _cMagnum
100 _aZico, Jose Tobias
240 1 0 _aCaraca: peregrinacao, cultura, turismo
_lpor
245 1 0 _aCaraca: peregrinacao, cultura, turismo
362 0 _a1899
697 _aMAGNITO: GERAL
942 _cBK
999 _c177372
_d177372